000 00286 a2200145 4500
001 173338
020 _a
040 _cMagnum
100 _aMálus
240 1 0 _aQuintino, o girino
_lpor
245 1 0 _aQuintino, o girino
362 0 _a1899
697 _aI/PARADIDATICO
942 _cBK
999 _c173338
_d173338